Don't let PGS be too taxing (Record no. 76431)

MARC details
000 -LEADER
fixed length control field 00959cab a2200205 4500
001 - CONTROL NUMBER
control field ##L132421
008 - FIXED-LENGTH DATA ELEMENTS--GENERAL INFORMATION
fixed length control field 060206n2006 000 0 eng u
035 ## - SYSTEM CONTROL NUMBER
System control number (Sirsi) u132421
041 0# - LANGUAGE CODE
Language code of text/sound track or separate title eng
100 1# - MAIN ENTRY--PERSONAL NAME
Personal name Bowles, John
245 00 - TITLE STATEMENT
Title Don't let PGS be too taxing
260 ## - PUBLICATION, DISTRIBUTION, ETC.
Date of publication, distribution, etc. 2006
490 #0 - SERIES STATEMENT
Series statement Estates Gazette
Volume/sequential designation (0604) 28 January 2006, 164(1)
520 ## - SUMMARY, ETC.
Summary, etc. Provides a concise summary of the proposals in the Planning Gain Supplement consultation (L132415) and outlines the contents of the draft PPS3 on housing (L131853). Key points raised are that a PGS will impose a 20% charge on the uplift in land value generated by the grant of planning permission and that the draft PPS3 will be more responsive to housing demand and affordability.
590 ## - LOCAL NOTE (RLIN)
Local note IKA140206
650 24 - SUBJECT ADDED ENTRY--TOPICAL TERM
Topical term or geographic name entry element PLANNING GAIN SUPPLEMENT
650 24 - SUBJECT ADDED ENTRY--TOPICAL TERM
Topical term or geographic name entry element PLANNING POLICY STATEMENT 3
690 ## - LOCAL SUBJECT ADDED ENTRY--TOPICAL TERM (OCLC, RLIN)
Topical term or geographic name as entry element ENVIRONMENTAL AND LAND CONSULTANCY-PLANNING AND DEVELOPMENT-PLANNING REFORM
942 ## - ADDED ENTRY ELEMENTS (KOHA)
Suppress in OPAC 0
Holdings
Withdrawn status Lost status Source of classification or shelving scheme Damaged status Not for loan Home library Current library Shelving location Date acquired Total Checkouts Full call number Barcode Date last seen Copy number Price effective from Koha item type
    Dewey Decimal Classification     London London Journal article 06/02/2006   L132421 132421-1001 06/08/2019 1 06/08/2019 Journal article